| 000 | 00000nam##2200000za#4500 |
| 001 | 9.574233 |
| 003 | CaOODSP |
| 005 | 20210624184102 |
| 007 | cr ||||||||||| |
| 008 | 150406|2007||||xxc|||||o f|0| 0 eng|d |
| 022 | |a1488-5379 |
| 040 | |aCaOODSP|beng |
| 043 | |an-cn--- |
| 086 | 1 |aFs97-6/2694E-PDF |
| 110 | 1 |aCanada. |bDepartment of Fisheries and Oceans. |
| 245 | 10|aSummary of the 2005 British Columbia sablefish (Anoplopoma fimbria) research and assessment survey / |h[electronic resource]|cby M. R. Wyeth, A. R. Kronlund and M. Elfert. |
| 260 | |aNanaimo - British Columbia : |bFisheries and Oceans Canada |c2007. |
| 300 | |a119p.|bfigs., glossary, maps (some coloured), references, tables, photographs |
| 490 | 1 |aCanadian technical report of fisheries and aquatic sciences|x1488-5379|v2694 |
| 500 | |aThe catalogue number (Fs97-6/2694E) and ISSN (0706-6457) for the print edition have been incorrectly copied in this electronic publication. |
| 546 | |a(Résumé en français) |
| 590 | |a12-27-Supp|b2012-06-12 |
| 720 | 1 |aWyeth, M. R. |
| 720 | 1 |aKronlund, A. R. |
| 720 | 1 |aElfert, M. |
| 776 | 0#|tSummary of the 2005 British Columbia sablefish (Anoplopoma fimbria) research and assessment survey / |w(CaOODSP)9.618354 |
| 830 | #0|aCanadian technical report of fisheries and aquatic sciences,|x1488-5379|v2694|w(CaOODSP)9.504449 |
| 856 | 40|ahttp://publications.gc.ca|qPDF|s2.93 MB |uhttps://publications.gc.ca/collections/collection_2012/mpo-dfo/Fs97-6-2694-eng.pdf|y2694 |